Rural development : (Record no. 234321)

000 -LEADER
fixed length control field 01249cam a2200349 a 4500
001 - CONTROL NUMBER
control field 13525641
003 - CONTROL NUMBER IDENTIFIER
control field Nust
005 - DATE AND TIME OF LATEST TRANSACTION
control field 20170317133027.0
008 - FIXED-LENGTH DATA ELEMENTS--GENERAL INFORMATION
fixed length control field 030926s2003 ii ab bs 000 0 eng
010 ## - LIBRARY OF CONGRESS CONTROL NUMBER
LC control number 2003322074
020 ## - INTERNATIONAL STANDARD BOOK NUMBER
International Standard Book Number 8188836206
025 ## - OVERSEAS ACQUISITION NUMBER
Overseas acquisition number I-E-2003-322074; 89-25
035 ## - SYSTEM CONTROL NUMBER
System control number (DLC) 2003322074
037 ## - SOURCE OF ACQUISITION
Source of stock number/acquisition Library of Congress -- New Delhi Overseas Office
Terms of availability Rs275.00
040 ## - CATALOGING SOURCE
Original cataloging agency DLC
Transcribing agency DLC
042 ## - AUTHENTICATION CODE
Authentication code lcode
043 ## - GEOGRAPHIC AREA CODE
Geographic area code a-ii---
082 ## - DEWEY DECIMAL CLASSIFICATION NUMBER
Classification number 307.1412 KHA
100 1# - MAIN ENTRY--PERSONAL NAME
Personal name Khanna, Sulbha,
245 10 - TITLE STATEMENT
Title Rural development :
Remainder of title strategies and planning /
Statement of responsibility, etc. by Sulbha Khanna and Upma Diwan.
260 ## - PUBLICATION, DISTRIBUTION, ETC.
Place of publication, distribution, etc. New Delhi :
Name of publisher, distributor, etc. Sonali Publications,
Date of publication, distribution, etc. 2003.
300 ## - PHYSICAL DESCRIPTION
Extent 129 p. :
Other physical details ill., maps ;
Dimensions 22 cm.
500 ## - GENERAL NOTE
General note H.B<br/>Includes statistical tables.
504 ## - BIBLIOGRAPHY, ETC. NOTE
Bibliography, etc. note Includes bibliographical references (p. [124]-129).
520 ## - SUMMARY, ETC.
Summary, etc. Case study of Madhya Pradesh.
650 #0 - SUBJECT ADDED ENTRY--TOPICAL TERM
Topical term or geographic name entry element Rural development
Geographic subdivision India
-- Madhya Pradesh
Form subdivision Case studies.
650 #0 - SUBJECT ADDED ENTRY--TOPICAL TERM
Topical term or geographic name entry element Rural development
General subdivision Planning
Geographic subdivision India
-- Madhya Pradesh.
700 1# - ADDED ENTRY--PERSONAL NAME
Personal name Diwan, Upma.
906 ## - LOCAL DATA ELEMENT F, LDF (RLIN)
a 7
b cbc
c origode
d 3
e ncip
f 20
g y-gencatlg
942 ## - ADDED ENTRY ELEMENTS (KOHA)
Source of classification or shelving scheme
Koha item type Book
Call number prefix 307.1412 KHA
Holdings
Withdrawn status Lost status Source of classification or shelving scheme Damaged status Not for loan Collection code Permanent Location Current Location Shelving location Date acquired Total Checkouts Full call number Barcode Date last seen Price effective from Koha item type
            Institute of Environmental Science and Engineering (IESE) Institute of Environmental Science and Engineering (IESE) General Stacks 03/17/2017   307.1412 KHA IESE-1202 03/17/2017 03/17/2017 Book
© 2023 Central Library, National University of Sciences and Technology. All Rights Reserved.